000 00270nam a2200109Ia 4500
001 588798
005 20250717120838.0
008 250717s9999 xx 000 0 und d
245 0 _aV-13 PİRİ REİS
_cİSMAİL BİLGİN
260 _bTİMAŞ YAYINLARI
_c2018
300 _b93
999 _c588798
_d588798